Statistics for We Didn't Mean to go to Sea

Click here to take the quiz!

General Stats

  • This quiz has been taken 21 times
  • The average score is 7 of 10

Answer Stats

QuestionAnswer% Correct
What instrument does Roger play?Whistle
88%
Where is the Goblin's home port?Pin Mill
81%
What do the Swallows find floating on a chicken coop in the middle of the sea?A cat
75%
Who do the Swallows meet in Holland?Father
75%
How do the Swallows know which country the pilot boat was from ?They saw the flag of Holland
69%
How did John know that they were getting close to land?He saw a lighthouse's light
63%
Where are the Swallows staying?Alma Cottage
56%
What is the name of the buoy that the Swallows must not sail past?Beach End
56%
How does Jim get hurt?He walked into a bus
56%
What colour flag do the Swallows hoist for quarantine?Yellow
44%

Score Distribution

Percentile by Number Answered

Percent of People with Each Score

Your Score History

You have not taken this quiz